Satunnaisia Euroopan valtioita pääkaupunkien mukaan - Statistics

Yleistilastot
  • Tätä visaa on pelattu 1 769 kertaa
  • Keskiarvotulos 9 / 10
Vastaustilastot
Kaupunki Valtio % Oikein
Rooma Italia
98%
Pariisi Ranska
97%
Helsinki Suomi
97%
Kööpenhamina Tanska
97%
Riika Latvia
96%
Kiova Ukraina
96%
Tallinna Viro
96%
Oslo Norja
95%
Berliini Saksa
95%
San Marino San Marino
95%
Moskova Venäjä
95%
Lissabon Portugali
94%
Tukholma Ruotsi
94%
Vatikaani Vatikaanivaltio
94%
Madrid Espanja
93%
Reykjavík Islanti
93%
Ateena Kreikka
93%
Monaco Monaco
93%
Amsterdam Alankomaat
92%
Wien Itävalta
92%
Vilna Liettua
92%
Luxemburg Luxemburg
92%
Varsova Puola
92%
Praha Tšekki
92%
Andorra la Vella Andorra
91%
Bryssel Belgia
91%
Dublin Irlanti
91%
Minsk Valko-Venäjä
91%
Lontoo Yhdistynyt kuningaskunta
91%
Sofia Bulgaria
88%
Bern Sveitsi
84%
Budapest Unkari
84%
Bratislava Slovakia
81%
Bukarest Romania
79%
Zagreb Kroatia
77%
Valletta Malta
77%
Ljubljana Slovenia
76%
Tirana Albania
74%
Sarajevo Bosnia ja Hertsegovina
73%
Chișinău Moldova
71%
Belgrad Serbia
68%
Pristina Kosovo
64%
Skopje Pohjois-Makedonia
61%
Podgorica Montenegro
60%
Vaduz Liechtenstein
58%
Ehtoja vastaavia visoja ei löytynyt
Tulosjakauma
Jokaisen tuloksen saaneiden osuus
Persentiili vastausten määrän mukaan
Tuloshistoriasi
Et ole pelannut tätä visaa